000
00294nam a2200109Ia 4500
008
200302s9999 xx 000 0 und d
100
_a
Roman Skowranek
245
_a
Basics Building services lighiting design
260
_b
Library of Congress cataloging in publish
260
_c
2017
300
_a
68
999
_c
7339
_d
7339